000
00281nam a22001217a 4500
008
171108b xxu||||| |||| 00| 0 eng d
041
_a
eng
080
_a
330.322
100
_a
64
101
_a
INV
245
_a
HIGH PROFITS FROM RARE COIN NVESTMENT
_c
BOWERS,Q.D
942
_2
udc
_c
BK
999
_c
38182
_d
38182